Pearl Jam Discography - Statistics

General Stats
  • This quiz has been taken 71 times
  • The average score is 53 of 161
Answer Stats
Year Album Song % Correct
1991 Ten Black
100%
1991 Ten Jeremy
98%
1991 Ten Alive
93%
1991 Ten Even Flow
90%
1991 Ten Release
88%
1991 Ten Once
85%
1991 Ten Why Go
85%
1991 Ten Oceans
80%
1993 Vs. Daughter
78%
1994 Vitalogy Better Man
73%
1991 Ten Porch
73%
1993 Vs. Go
70%
1991 Ten Deep
68%
1994 Vitalogy Corduroy
65%
1994 Vitalogy Immortality
65%
1998 Yield Do the Evolution
63%
1998 Yield Given to Fly
63%
1993 Vs. Rearviewmirror
63%
1993 Vs. Animal
60%
2024 Dark Matter Dark Matter
60%
1993 Vs. Dissident
60%
1994 Vitalogy Nothingman
58%
1994 Vitalogy Spin the Black Circle
58%
1993 Vs. Elderly Woman Behind the Counter in a Small Town
55%
1994 Vitalogy Last Exit
53%
1998 Yield Wishlist
53%
1994 Vitalogy Bugs
50%
1993 Vs. Indifference
50%
2009 Backspacer Just Breathe
50%
1996 No Code Off He Goes
50%
1993 Vs. Rats
50%
1996 No Code Red Mosquito
50%
1991 Ten Gardens
48%
1993 Vs. Glorified G
48%
1996 No Code Hail, Hail
48%
1996 No Code Lukin
48%
1994 Vitalogy Not for You
48%
1996 No Code Present Tense
48%
1996 No Code Sometimes
48%
1993 Vs. Blood
45%
1998 Yield Brain of J.
45%
2002 Riot Act I Am Mine
45%
1993 Vs. Leash
45%
1994 Vitalogy Satan's Bed
45%
2013 Lightning Bolt Sirens
45%
1993 Vs. W.M.A.
45%
1996 No Code In My Tree
43%
2000 Binaural Nothing as It Seems
43%
1998 Yield Pilate
43%
1994 Vitalogy Tremor Christ
43%
1998 Yield All Those Yesterdays
40%
1996 No Code Around the Bend
40%
2000 Binaural Gods' Dice
40%
1998 Yield Push Me, Pull Me
40%
1994 Vitalogy Whipping
40%
1996 No Code Who You Are
40%
2006 Pearl Jam World Wide Suicide
40%
2020 Gigaton Dance of the Clairvoyants
38%
2000 Binaural Light Years
38%
1996 No Code Mankind
38%
1998 Yield MFC
38%
1996 No Code Smile
38%
2000 Binaural Breakerfall
35%
2013 Lightning Bolt Lightning Bolt
35%
1994 Vitalogy Pry, To
35%
1998 Yield Faithful
33%
1996 No Code Habit
33%
1996 No Code I'm Open
33%
1998 Yield In Hiding
33%
2000 Binaural Rival
33%
2009 Backspacer The Fixer
33%
2024 Dark Matter Wreckage
33%
2002 Riot Act Bu$hleaguer
30%
2006 Pearl Jam Inside Job
30%
2002 Riot Act Love Boat Captain
30%
1994 Vitalogy Stupidmop
30%
2006 Pearl Jam Army Reserve
28%
1994 Vitalogy Aye Davanita
28%
2002 Riot Act Green Disease
28%
1998 Yield No Way
28%
2006 Pearl Jam Parachutes
28%
2002 Riot Act 1/2 Full
25%
2009 Backspacer Amongst the Waves
25%
2006 Pearl Jam Gone
25%
1999 Bonus Tracks Last Kiss
25%
1998 Yield Low Light
25%
2002 Riot Act Save You
25%
2024 Dark Matter Waiting for Stevie
25%
2006 Pearl Jam Big Wave
23%
2002 Riot Act Can't Keep
23%
2013 Lightning Bolt Future Days
23%
2009 Backspacer Gonna See My Friend
23%
2006 Pearl Jam Life Wasted
23%
2006 Pearl Jam Severed Hand
23%
2017 Bonus Tracks State of Love and Trust
23%
2020 Gigaton Superblood Wolfmoon
23%
2009 Backspacer The End
23%
2002 Riot Act All or None
20%
2017 Bonus Tracks Breath
20%
2006 Pearl Jam Comatose
20%
2006 Pearl Jam Come Back
20%
2002 Riot Act Cropduster
20%
2000 Binaural Evacuation
20%
2002 Riot Act Ghost
20%
2000 Binaural Insignificance
20%
2009 Backspacer Johnny Guitar
20%
2013 Lightning Bolt My Father's Son
20%
2000 Binaural Of the Girl
20%
2013 Lightning Bolt Pendulum
20%
2024 Dark Matter Running
20%
2000 Binaural Sleight of Hand
20%
2024 Dark Matter Something Special
20%
2000 Binaural Soon Forget
20%
2009 Backspacer Supersonic
20%
2002 Riot Act Thumbing My Way
20%
2009 Backspacer Unthought Known
20%
2013 Lightning Bolt Yellow Moon
20%
2002 Riot Act You Are
20%
2002 Riot Act Arc
18%
2006 Pearl Jam Marker in the Sand
18%
2000 Binaural Parting Ways
18%
2024 Dark Matter React, Respond
18%
2020 Gigaton River Cross
18%
2024 Dark Matter Setting Sun
18%
2013 Lightning Bolt Sleeping by Myself
18%
2024 Dark Matter Upper Hand
18%
2013 Lightning Bolt Getaway
15%
2000 Binaural Grievance
15%
2013 Lightning Bolt Infallible
15%
2020 Gigaton Seven O'Clock
15%
2009 Backspacer Speed of Sound
15%
2020 Gigaton Buckle Up
13%
2009 Backspacer Force of Nature
13%
2002 Riot Act Get Right
13%
2024 Dark Matter Got to Give
13%
2002 Riot Act Help Help
13%
1995 Merkin Ball I Got Id
13%
2024 Dark Matter Scared of Fear
13%
2006 Pearl Jam Wasted Reprise
13%
2024 Dark Matter Won't Tell
13%
2020 Gigaton Alright
10%
2009 Backspacer Got Some
10%
2013 Lightning Bolt Let the Records Play
10%
2013 Lightning Bolt Mind Your Manners
10%
2020 Gigaton Never Destination
10%
2020 Gigaton Quick Escape
10%
2013 Lightning Bolt Swallowed Whole
10%
2020 Gigaton Take the Long Way
10%
1998 Yield The Color Red
10%
2000 Binaural Thin Air
10%
2006 Pearl Jam Unemployable
10%
2020 Gigaton Who Ever Said
10%
2020 Gigaton Comes Then Goes
8%
2011 Bonus Tracks Olé
8%
2020 Gigaton Retrograde
8%
2018 Bonus Tracks Can't Deny Me
5%
2007 Bonus Tracks Love, Reign o'er Me
5%
2020 Bonus Tracks Get It Back
3%
2011 Bonus Tracks Crown of Thorns
0%
1995 Merkin Ball Long Road
0%
2003 Bonus Tracks Man of the Hour
0%
No matching quizzes found
Score Distribution
Percent of People with Each Score
Percentile by Number Answered
Your Score History
You have not taken this quiz